Applied calculus for the managerial, life, and social sciences

Spremljeno u:
Bibliografski detalji
Glavni autor: Tan, S. T. (Tan, Soo Tang.)
Format: Knjiga
Jezik:Undetermined
Izdano: Belmont, CA Thomson/Brooks/Cole 2007
Teme:
Oznake: Dodaj oznaku
Bez oznaka, Budi prvi tko označuje ovaj zapis!
Thư viện lưu trữ: Trung tâm Học liệu Trường Đại học Cần Thơ
LEADER 00545nam a2200193Ia 4500
001 CTU_128461
008 210402s9999 xx 000 0 und d
020 |c 2316000 
082 |a 515 
082 |b T161 
100 |a Tan, S. T. (Tan, Soo Tang.) 
245 0 |a Applied calculus for the managerial, life, and social sciences 
245 0 |c S. T. Tan 
260 |a Belmont, CA 
260 |b Thomson/Brooks/Cole 
260 |c 2007 
650 |a Calculus.,Phép tính 
904 |i Minh 
980 |a Trung tâm Học liệu Trường Đại học Cần Thơ